书目信息 |
| 题名: |
幸好不漂亮
|
|
| 作者: | 萧绰 著 | |
| 分册: | ||
| 出版信息: | 北京 民主与建设出版社有限责任公司 2020 |
|
| 页数: | 206页 | |
| 开本: | 19cm | |
| 丛书名: | ||
| 单 册: | ||
| 中图分类: | B825-49 , B825 | |
| 科图分类: | ||
| 主题词: | 个人--修养--通俗读物 | |
| 电子资源: | ||
| ISBN: | 978-7-5139-2847-2 | |
| 000 | 00894nam0 2200241 450 | |
| 001 | 2328932676 | |
| 005 | 20230926080226.63 | |
| 010 | @a978-7-5139-2847-2@b精装@dCNY46.80 | |
| 100 | @a20200408d2020 em y0chiy50 ea | |
| 101 | 0 | @achi |
| 102 | @aCN@b110000 | |
| 105 | @aa z 000yy | |
| 200 | 1 | @a幸好不漂亮@Axing hao bu piao liang@dLuckily I am not pretty@f萧绰著@zeng |
| 210 | @a北京@c民主与建设出版社有限责任公司@d2020 | |
| 215 | @a206页@c图@d19cm | |
| 330 | @a本书共5章,内容包括:命运所馈赠的礼物,早已在暗中标好了价格;不要让所有天赋和努力被一句“天选”轻轻掩埋;给你安全感的不是“依靠”而是“成为”;颜值是一枚限量版纪念币;智慧比颜值更能带来一场心动。 | |
| 510 | 1 | @aLuckily I am not pretty@zeng |
| 606 | 0 | @a个人@x修养@j通俗读物 |
| 690 | @aB825-49@v5 | |
| 690 | @aB825@v4 | |
| 701 | 0 | @a萧绰@Axiao chuo@c(女)@4著 |
| 801 | 0 | @aCN@b安徽时代@c20230923 |
| 905 | @aBZT@dB825@e132 | |
| 幸好不漂亮=Luckily I am not pretty/萧绰著.-北京:民主与建设出版社有限责任公司,2020 |
| 206页:图;19cm |
| ISBN 978-7-5139-2847-2(精装):CNY46.80 |
| 本书共5章,内容包括:命运所馈赠的礼物,早已在暗中标好了价格;不要让所有天赋和努力被一句“天选”轻轻掩埋;给你安全感的不是“依靠”而是“成为”;颜值是一枚限量版纪念币;智慧比颜值更能带来一场心动。 |
| ● |
| 相关链接 |
|
|
|
正题名:幸好不漂亮
索取号:B825/132
 
预约/预借
| 序号 | 登录号 | 条形码 | 馆藏地/架位号 | 状态 | 备注 |
| 1 | 2000935825 | 2000935825 | 第四书库/四2架B面5层2列/ [索取号:B825/132] | 在馆 | |
| 2 | 2000935826 | 2000935826 | 第四书库/四2架B面5层2列/ [索取号:B825/132] | 在馆 | |
| 3 | 2000935827 | 2000935827 | 第四书库/四2架B面5层2列/ [索取号:B825/132] | 在馆 | |
| 4 | 2000935828 | 2000935828 | 第四书库/四2架B面5层2列/ [索取号:B825/132] | 在馆 | |
| 5 | 2000935829 | 2000935829 | 第四书库/四2架B面5层2列/ [索取号:B825/132] | 在馆 | |
| 6 | 2000935830 | 2000935830 | 第四书库/四2架B面5层2列/ [索取号:B825/132] | 在馆 |